Français vainqueurs de la coupe du monde et de la ligue des champions - Statistiques

Statistiques générales
  • Ce quiz a été pris 117 fois
  • Le résultat moyen est 13 sur 16
Statistiques - réponses
Année de la CM Année de la C1 Club lors de la C1 Initiales Réponse % Correct
1998 1993, 1996 OM, Juventus Didier Deschamps
98%
1998 2002 Real Madrid Zinedine Zidane
97%
2018 2025 PSG O.D Ousmane Dembele
96%
2018 2021 Chelsea N.K N'Golo Kanté
93%
2018 2020 Bayern Munich B.P Benjamin Pavard
90%
1998 2009 FC Barcelone Thierry Henry
90%
2018 2014, 2016, 2017, 2018 Real Madrid Raphaël Varane
89%
2018 2025 PSG P.K Presnel Kimpembe
88%
2018 2020, 2025 Bayern Munich, PSG Lucas Hernandez
87%
2018 2021 Chelsea O.G Olivier Giroud
87%
2018 2020 Bayern Munich C.T Corentin Tolisso
84%
1998 1993, 1994 OM, AC Milan Marcel Desailly
78%
1998 2001 Bayern Munich Bixente Lizarazu
77%
1998 1993 OM Fabien Barthez
71%
1998 1998, 2000 Real Madrid Christian Karembeu
54%
1998 2010 Inter Milan Patrick Vieira
52%
Aucun quiz correspondant
Distribution des résultats
% des personnes avec chaque résultat
Percentile par nombre de réponses
Votre historique - résultats
Vous n’avez pas pris ce quiz